[Event "FRA-chT U18 9798"]
[Site "France"]
[Date "1997.??.??"]
[Round "11"]
[White "Lasnier, Morgan"]
[Black "Metzger, Clement"]
[Result "1-0"]
[WhiteElo "1890"]
[BlackElo "1950"]
[PlyCount "89"]
[EventDate "1997.??.??"]
[EventType "team"]
[EventRounds "11"]
[EventCountry "FRA"]
[SourceTitle "EXT 2001"]
[Source "ChessBase"]
[SourceDate "2000.11.22"]
[SourceVersion "1"]
[SourceVersionDate "2000.11.22"]
[SourceQuality "1"]

1. e4 c5 2. Nf3 Nc6 3. Bb5 g6 4. 0-0 Bg7 5. Re1 d6 6. e5 d5 7. d4 c4 8. Nc3 Bg4 9. h3 Bxf3 10. Qxf3 e6 11. Bxc6+ bxc6 12. Be3 c5 13. Nb5 Qd7 14. Nd6+ Kf8 15. dxc5 Bxe5 16. Nxc4 Bf6 17. Bf4 Kg7 18. Ne5 Qb5 19. Nd3 h6 20. Be5 Rc8 21. b4 Qa4 22. c3 Bxe5 23. Nxe5 Nf6 24. Qe3 Ne4 25. f3 Nf6 26. Nxf7 d4 27. cxd4 Rhf8 28. Nd6 Rcd8 29. Qxe6 Qxb4 30. Qe5 Rd7 31. Rab1 Qd2 32. Qe3 Qxa2 33. c6 Rc7 34. Rb7 Qa5 35. Rxc7+ Qxc7 36. Qe7+ Qxe7 37. Rxe7+ Kg8 38. c7 Nd5 39. c8Q Rxc8 40. Nxc8 Nxe7 41. Nxe7+ Kf7 42. Nc6 a6 43. Kf2 Ke6 44. Ke3 Kd6 45. Na5 1-0

[Event "FRA-chT U18"]
[Site "France"]
[Date "1996.??.??"]
[Round "4"]
[White "Lasnier, Morgan"]
[Black "Goupe, Julien"]
[Result "0-1"]
[WhiteElo "1860"]
[BlackElo "1980"]
[PlyCount "62"]
[EventDate "1996.??.??"]
[EventType "team"]
[EventRounds "11"]
[EventCountry "FRA"]
[SourceTitle "EXT 2001"]
[Source "ChessBase"]
[SourceDate "2000.11.22"]
[SourceVersion "1"]
[SourceVersionDate "2000.11.22"]
[SourceQuality "1"]

1. e4 c5 2. Nf3 Nc6 3. Bb5 d6 4. d4 cxd4 5. Qxd4 Bd7 6. Bxc6 Bxc6 7. Nc3 h6 8. Be3 e6 9. 0-0-0 Nf6 10. e5 Nd5 11. Nxd5 Bxd5 12. exd6 Qxd6 13. Ne5 Rc8 14. Qa4+ Bc6 15. Nxc6 Qxc6 16. Qxc6+ Rxc6 17. Bxa7 Ra6 18. Be3 Rxa2 19. Kb1 Ra6 20. Rd3 Bd6 21. Rb3 0-0 22. c3 Rb8 23. Rd1 Kf8 24. Kc2 Ke7 25. h3 b5 26. c4 Rc6 27. Rc3 bxc4 28. Rd4 Rbc8 29. Rg4 g5 30. f4 f5 31. Rg3 gxf4 0-1

[Event "FRA-chT U18"]
[Site "France"]
[Date "1996.??.??"]
[Round "10"]
[White "Lasnier, Morgan"]
[Black "Goupe, Julien"]
[Result "1-0"]
[WhiteElo "1830"]
[BlackElo "1820"]
[PlyCount "69"]
[EventDate "1996.??.??"]
[EventType "team"]
[EventRounds "11"]
[EventCountry "FRA"]
[SourceTitle "EXT 2001"]
[Source "ChessBase"]
[SourceDate "2000.11.22"]
[SourceVersion "1"]
[SourceVersionDate "2000.11.22"]
[SourceQuality "1"]

1. e4 c5 2. Nf3 Nc6 3. Bb5 Nf6 4. Nc3 g6 5. Bxc6 bxc6 6. 0-0 Bg7 7. Re1 0-0 8. d3 Qc7 9. Be3 d6 10. h3 Rb8 11. Rb1 Be6 12. Qd2 Rb7 13. Bh6 Rfb8 14. Bxg7 Kxg7 15. b3 Rd8 16. e5 Nd5 17. exd6 exd6 18. Ng5 Re8 19. Nce4 Qd8 20. d4 h6 21. Nxe6+ Rxe6 22. dxc5 dxc5 23. c4 Qe7 24. cxd5 Rxe4 25. d6 Rxe1+ 26. Rxe1 Qf6 27. d7 Qd8 28. Rd1 Kh7 29. Qd6 Rb6 30. Qe5 Rb7 31. Qe8 Rb8 32. Qxf7+ Kh8 33. Qxg6 Qe7 34. Qxh6+ Kg8 35. Rd6 1-0

[Event "FRA-chT U18"]
[Site "France"]
[Date "1996.??.??"]
[Round "8"]
[White "Lasnier, Morgan"]
[Black "Houzelle, Vincent"]
[Result "0-1"]
[WhiteElo "1830"]
[BlackElo "2080"]
[PlyCount "120"]
[EventDate "1996.??.??"]
[EventType "team"]
[EventRounds "11"]
[EventCountry "FRA"]
[SourceTitle "EXT 2001"]
[Source "ChessBase"]
[SourceDate "2000.11.22"]
[SourceVersion "1"]
[SourceVersionDate "2000.11.22"]
[SourceQuality "1"]

1. e4 e6 2. d4 d5 3. Nc3 Nf6 4. Bg5 Be7 5. e5 Nfd7 6. h4 Bxg5 7. hxg5 Qxg5 8. Nh3 Qe7 9. Qg4 f5 10. Qh5+ g6 11. Qh6 Nc6 12. 0-0-0 Nf8 13. Nf4 Qf7 14. Be2 Rg8 15. Nh3 Rg7 16. Bb5 Bd7 17. Na4 a6 18. Be2 0-0-0 19. Nc5 Qe7 20. Qe3 Nb8 21. Qb3 Bc6 22. f4 Nfd7 23. Na4 Bxa4 24. Qxa4 Nb6 25. Qb3 h6 26. Rd3 Nc6 27. c3 Rh8 28. Rg3 Qf8 29. Nf2 Kb8 30. Rgh3 Rgh7 31. Nd3 Na5 32. Qc2 Nac4 33. Nc5 Qe7 34. Bxc4 dxc4 35. Kb1 Nd5 36. g3 Qe8 37. b3 Nb6 38. Ka1 Ka7 39. bxc4 Nxc4 40. Qb3 b5 41. a4 c6 42. axb5 cxb5 43. R3h2 Qc6 44. Rb1 Rb8 45. Ra2 Rb6 46. Qc2 Ka8 47. Qf2 Ra7 48. Qh2 Qf3 49. Qh1 Qxh1 50. Rxh1 h5 51. Rd1 Ne3 52. Rd3 Nd5 53. Rb2 Kb8 54. c4 bxc4 55. Rxb6+ Nxb6 56. Rc3 Re7 57. Nxa6+ Kb7 58. Nc5+ Kc6 59. Kb2 Kd5 60. Ka3 Kxd4 0-1

[Event "FRA-chT U18"]
[Site "France"]
[Date "1996.??.??"]
[Round "9"]
[White "Leclair, Marie"]
[Black "Lasnier, Morgan"]
[Result "1/2-1/2"]
[WhiteElo "1710"]
[BlackElo "1830"]
[PlyCount "77"]
[EventDate "1996.??.??"]
[EventType "team"]
[EventRounds "11"]
[EventCountry "FRA"]
[SourceTitle "EXT 2001"]
[Source "ChessBase"]
[SourceDate "2000.11.22"]
[SourceVersion "1"]
[SourceVersionDate "2000.11.22"]
[SourceQuality "1"]

1. e4 c5 2. Nf3 Nc6 3. d4 cxd4 4. Nxd4 Nf6 5. Nc3 e6 6. Be2 Bb4 7. f3 d5 8. Nxc6 bxc6 9. Bd2 0-0 10. Bd3 Nd7 11. 0-0 d4 12. Ne2 Bxd2 13. Qxd2 e5 14. Kh1 Nc5 15. Bc4 Kh8 16. c3 d3 17. Nc1 a5 18. Nxd3 Be6 19. Bxe6 Qxd3 20. Qxd3 Nxd3 21. Bd7 Nxb2 22. Bxc6 Rac8 23. Bd5 Rxc3 24. Rac1 Ra3 25. Bxf7 Nd3 26. Rc2 Nb4 27. Rd2 g6 28. Bd5 Rc8 29. Rfd1 Rcc3 30. Bb3 Rc8 31. h3 g5 32. Rd8+ Rxd8 33. Rxd8+ Kg7 34. Rd7+ Kg6 35. Re7 Nxa2 36. Bxa2 Rxa2 37. Rxe5 a4 38. Ra5 a3 39. e5 1/2-1/2

[Event "FRA-chT U18"]
[Site "France"]
[Date "1996.??.??"]
[Round "11"]
[White "Riff, Jean Noel"]
[Black "Lasnier, Morgan"]
[Result "1-0"]
[WhiteElo "2120"]
[BlackElo "1830"]
[PlyCount "45"]
[EventDate "1996.??.??"]
[EventType "team"]
[EventRounds "11"]
[EventCountry "FRA"]
[SourceTitle "EXT 2001"]
[Source "ChessBase"]
[SourceDate "2000.11.22"]
[SourceVersion "1"]
[SourceVersionDate "2000.11.22"]
[SourceQuality "1"]

1. e4 c5 2. Nf3 Nc6 3. Bb5 g6 4. 0-0 Bg7 5. c3 f6 6. d4 cxd4 7. cxd4 a6 8. Bc4 d6 9. h3 Nh6 10. Nc3 Nf7 11. Bxf7+ Kxf7 12. Qb3+ Be6 13. d5 Bxh3 14. dxc6+ Be6 15. Qxb7 Qa5 16. b4 Qh5 17. c7 Bh3 18. Qd5+ Be6 19. Qxh5 gxh5 20. Be3 Rhg8 21. Nd4 Bc4 22. Rfe1 f5 23. Nxf5 1-0